| 000 | 00691nam a2200241 a 4500 | ||
|---|---|---|---|
| 001 | 000021046 | ||
| 003 | DO-SdBNP | ||
| 005 | 20240530073919.0 | ||
| 007 | ta | ||
| 008 | 100830s2003 dr 000 0 spa d | ||
| 020 | _z9993455466 | ||
| 040 |
_aDO-SdBNP _bspa _cBNPHU |
||
| 049 | _aBNPD | ||
| 082 | 4 |
_aRD863.44 _bM385p _222 |
|
| 100 | 1 |
_aMartínez L., Richard O. _944024 |
|
| 245 | 1 | 0 |
_aPoncio Pilatos : _bel primer pragmático de nuestra era / _cRichard O. Martínez L. |
| 260 |
_aSanto Domingo : _bCorripio, _c2003. |
||
| 300 |
_a180 p. ; _c24 cm. |
||
| 590 | _aInventariado, 2022/BT | ||
| 650 | 0 |
_aNovela dominicana _9223 |
|
| 650 | 0 |
_aLiteratura dominicana. _967 |
|
| 942 |
_2ddc _cLBS1 |
||
| 999 |
_c20549 _d20549 |
||